| 000 | 00486nam a2200205Ia 4500 | ||
|---|---|---|---|
| 003 | GCL | ||
| 008 | 140319s9999 xx 000 0 eng d | ||
| 040 |
_aGCL / _cGCL |
||
| 082 | 0 | 4 |
_a745 _bY F |
| 100 | 1 | _aMURRAY,PATRICK R | |
| 245 | 1 | 0 |
_aFOLK ART / _cMURRAY,PATRICK R |
| 700 | 1 | _aYOSHIDA, SHOYA | |
| 260 |
_a[S.N] : _bHAIKUSHA ، _c1992 |
||
| 300 | _a134 PP | ||
| 490 |
_aCOLER BOOKS _v0 |
||
| 650 | 0 | 4 | _aJAPAN |
| 650 | 0 | 4 | _aFOLKLORE |
| 650 | 0 | 4 | _aART, JAPAN |
| 942 |
_2ddc _cBK |
||
| 999 |
_c19152 _d19152 |
||